[Event "4NCL Division 3 North"]
[Site "Wakefield, ENG"]
[Date "2018.03.18"]
[Round "8.54"]
[White "Cowan, Richard M"]
[Black "Turner, John M"]
[Result "1/2-1/2"]
[WhiteElo "1858"]
[BlackElo "2005"]
[PlyCount "55"]
[EventDate "2018.03.18"]
[WhiteTeam "Jorvik"]
[BlackTeam "Holmes Chapel"]

1. e4 d5 2. exd5 Qxd5 3. Nf3 Bg4 4. Be2 Nc6 5. O-O e6 6. h3 Bh5 7. Nc3 Qd7 8.
a3 Nf6 9. Re1 Be7 10. b4 a6 11. Bb2 h6 12. b5 axb5 13. Nxb5 O-O 14. c4 Ne4 15.
Ne5 Nxe5 16. Bxh5 Nxc4 17. Bxg7 Kxg7 18. Qg4+ Kh8 19. Qxe4 Qxb5 20. Be2 Ra4 21.
Bd3 f5 22. Qxe6 Bg5 23. Rac1 Qb6 24. Qe7 Qc6 25. Qe5+ Bf6 26. Qf4 Bg5 27. Qe5+
Bf6 28. Qf4 1/2-1/2

[Event "4NCL Division 3 North"]
[Site "Wakefield, ENG"]
[Date "2018.03.18"]
[Round "8.55"]
[White "McLaughlin, Noel S"]
[Black "Flint, Martina"]
[Result "1-0"]
[WhiteElo "1953"]
[BlackElo "1844"]
[PlyCount "85"]
[EventDate "2018.03.18"]
[WhiteTeam "Holmes Chapel"]
[BlackTeam "Jorvik"]

1. Nf3 d6 2. e4 Nf6 3. Nc3 g6 4. d4 Bg7 5. Be2 O-O 6. Bg5 h6 7. Bf4 c6 8. h3
Nh5 9. Bh2 b5 10. g4 Nf6 11. e5 Nd5 12. Nxd5 cxd5 13. Qd2 a6 14. exd6 e6 15. a4
bxa4 16. Rxa4 Qd7 17. Ra3 Nc6 18. Ne5 Nxe5 19. dxe5 Bb7 20. g5 Kh7 21. gxh6 Bh8
22. h4 f6 23. h5 fxe5 24. hxg6+ Kxg6 25. Rg1+ Kh7 26. Rg7+ Bxg7 27. hxg7 Rf5
28. Rh3+ Kg8 29. Rh8+ Kf7 30. Bh5+ Rxh5 31. Rxh5 Qa4 32. Bxe5 Rg8 33. Bd4 Qa1+
34. Ke2 Qa4 35. Qf4+ Ke8 36. b3 Qb5+ 37. Kd1 Rxg7 38. Bxg7 Kd7 39. Qf7+ Kxd6
40. Bf8+ Kc6 41. Qxe6+ Kc7 42. Rh7+ Kb8 43. Bd6+ 1-0

[Event "4NCL Division 3 North"]
[Site "Wakefield, ENG"]
[Date "2018.03.18"]
[Round "8.56"]
[White "Andrews, Norman G"]
[Black "Pearson, Raymond"]
[Result "0-1"]
[WhiteElo "1607"]
[BlackElo "1898"]
[PlyCount "116"]
[EventDate "2018.03.18"]
[WhiteTeam "Jorvik"]
[BlackTeam "Holmes Chapel"]

1. e4 c5 2. Nc3 Nc6 3. f4 g6 4. Nf3 Bg7 5. Bb5 Nd4 6. O-O Nxb5 7. Nxb5 d5 8.
exd5 a6 9. Nc3 Nf6 10. d3 Nxd5 11. Nxd5 Qxd5 12. Qe1 Be6 13. Ne5 O-O 14. Bd2 b5
15. Qe3 Rac8 16. a4 b4 17. b3 a5 18. Rae1 Qd4 19. Qxd4 cxd4 20. Nc4 Bf6 21. Rc1
Bxc4 22. bxc4 e6 23. Be1 Rfd8 24. Bg3 Rc5 25. Rce1 h5 26. h3 Rf5 27. Bh2 h4 28.
Re4 Kf8 29. Kh1 Ke7 30. Rfe1 Kd6 31. Bg1 Kc5 32. Rb1 Kc6 33. Bh2 Bg7 34. Rbe1
Rb8 35. Rb1 Rb7 36. Rb3 Re7 37. Kg1 Bf6 38. Rb1 Re8 39. Rbe1 Rg8 40. Kh1 Kc5
41. Rb1 g5 42. fxg5 Rfxg5 43. Re2 Rf5 44. Rbe1 Rgg5 45. Rb1 e5 46. Rbe1 Rh5 47.
Kg1 Bg7 48. Re4 f6 49. Rg4 Bh6 50. Rge4 Be3+ 51. Kh1 Rf2 52. Bg1 Rxc2 53. R1xe3
dxe3 54. Rxe3 Kd6 55. Rf3 f5 56. Rf1 b3 57. Rb1 b2 58. c5+ Kd5 0-1

[Event "4NCL Division 3 North"]
[Site "Wakefield, ENG"]
[Date "2018.03.18"]
[Round "8.61"]
[White "Walker, Andrew N"]
[Black "Rahulan, Thivyaa"]
[Result "1/2-1/2"]
[WhiteElo "2039"]
[BlackElo "2020"]
[PlyCount "43"]
[EventDate "2018.03.18"]
[WhiteTeam "Ashfield-Breadsall 1"]
[BlackTeam "Manchester Manticores 2"]

1. f4 d5 2. Nf3 Nf6 3. e3 g6 4. Be2 Bg7 5. O-O O-O 6. d3 c5 7. Qe1 Nc6 8. a4
Re8 9. Qg3 e5 10. Nxe5 Nxe5 11. fxe5 Rxe5 12. Nc3 Re7 13. Bf3 Be6 14. e4 dxe4
15. Nxe4 Qd4+ 16. Kh1 Nxe4 17. Bxe4 Rc8 18. c3 Qd7 19. Bg5 Ree8 20. Bf6 Bd5 21.
Bf5 Be6 22. Be4 1/2-1/2

[Event "4NCL Division 3 North"]
[Site "Wakefield, ENG"]
[Date "2018.03.18"]
[Round "8.62"]
[White "Timson, Paul F"]
[Black "Naylor, Michael A"]
[Result "0-1"]
[WhiteElo "1952"]
[BlackElo "1982"]
[PlyCount "80"]
[EventDate "2018.03.18"]
[WhiteTeam "Manchester Manticores 2"]
[BlackTeam "Ashfield-Breadsall 1"]

1. d4 d5 2. c4 e6 3. Nc3 Be7 4. cxd5 exd5 5. Bf4 c6 6. e3 Bf5 7. Bd3 Bxd3 8.
Qxd3 Nf6 9. h3 Nbd7 10. Nf3 O-O 11. O-O Re8 12. Rab1 Bf8 13. b4 b5 14. Ne5 Nxe5
15. Bxe5 Nd7 16. Bg3 Nb6 17. f3 Qg5 18. Bf4 Qh4 19. Kh2 Nc4 20. Bg3 Bd6 21.
Bxd6 Rxe3 22. Qc2 Nxd6 23. Rbd1 Nc4 24. Ne2 Rae8 25. Ng3 g6 26. Qf2 Qe7 27. Rb1
h5 28. Rfd1 h4 29. Nf1 Re2 30. Qg1 Rxa2 31. Ra1 Qe2 32. Kh1 Kg7 33. Nh2 Rxa1
34. Rxa1 Qd2 35. Ng4 Qxb4 36. Qc1 Qd2 37. Qxd2 Nxd2 38. Ne5 a5 39. Rxa5 Nc4 40.
Nxc4 dxc4 0-1

[Event "4NCL Division 3 North"]
[Site "Wakefield, ENG"]
[Date "2018.03.18"]
[Round "8.63"]
[White "Combie, Alex B"]
[Black "Webster, Richard J"]
[Result "1-0"]
[WhiteElo "1988"]
[BlackElo "1982"]
[PlyCount "67"]
[EventDate "2018.03.18"]
[WhiteTeam "Ashfield-Breadsall 1"]
[BlackTeam "Manchester Manticores 2"]

1. d4 Nf6 2. c4 g6 3. Nc3 Bg7 4. e4 d6 5. Nf3 O-O 6. Be2 e5 7. d5 a5 8. Bg5 Na6
9. Nd2 Qe8 10. O-O Nd7 11. a3 f6 12. Bh4 Ndc5 13. b4 Nd7 14. Nb3 axb4 15. axb4
Rb8 16. Nb5 Rf7 17. Qd2 Nf8 18. Nc1 g5 19. Bg3 g4 20. f3 gxf3 21. Bxf3 f5 22.
Nd3 Bd7 23. Nc3 Rc8 24. c5 c6 25. cxd6 cxd5 26. Nxd5 Rc4 27. Ne7+ Kh8 28. Nxe5
Rxe7 29. dxe7 Qxe7 30. Nxc4 Bb5 31. Rac1 fxe4 32. Rfe1 Qf7 33. Rxe4 Qg6 34. Be5
1-0

[Event "4NCL Division 3 North"]
[Site "Wakefield, ENG"]
[Date "2018.03.18"]
[Round "8.64"]
[White "Hilton, Tim"]
[Black "Garnett, John S"]
[Result "0-1"]
[WhiteElo "1997"]
[BlackElo "1907"]
[PlyCount "72"]
[EventDate "2018.03.18"]
[WhiteTeam "Manchester Manticores 2"]
[BlackTeam "Ashfield-Breadsall 1"]

1. Nf3 d5 2. c4 dxc4 3. Qa4+ Nd7 4. Qxc4 Ngf6 5. d4 Nb6 6. Qc2 g6 7. g3 Bf5 8.
Qb3 Bg7 9. Bg2 c6 10. Nc3 O-O 11. O-O Qd7 12. a4 Rad8 13. a5 Nbd5 14. Ne5 Qc8
15. Nxd5 cxd5 16. Bf4 Qa8 17. Rac1 Rc8 18. Bxd5 Nxd5 19. Qxd5 Rcd8 20. Qc4 b5
21. axb6 Bxe5 22. Bxe5 Bh3 23. f3 Bxf1 24. Rxf1 axb6 25. e4 Rc8 26. Qb4 Qb7 27.
d5 b5 28. b3 Rc2 29. Bd4 Rfc8 30. d6 exd6 31. Qxd6 R2c6 32. Qe5 f6 33. Qd5+ Qf7
34. Qxb5 Qe6 35. g4 Qd6 36. Bb2 Rc2 0-1

[Event "4NCL Division 3 North"]
[Site "Wakefield, ENG"]
[Date "2018.03.18"]
[Round "8.65"]
[White "Somton, Anita"]
[Black "Reed, John"]
[Result "1/2-1/2"]
[WhiteElo "1967"]
[BlackElo "2005"]
[PlyCount "47"]
[EventDate "2018.03.18"]
[WhiteTeam "Ashfield-Breadsall 1"]
[BlackTeam "Manchester Manticores 2"]

1. d4 Nf6 2. c4 d6 3. Nc3 e5 4. dxe5 dxe5 5. Qxd8+ Kxd8 6. Bg5 Be6 7. O-O-O+
Kc8 8. e4 c6 9. f3 a5 10. Na4 Nfd7 11. Kb1 Kc7 12. Be3 Na6 13. f4 Ndc5 14. Nc3
exf4 15. Bxf4+ Kb6 16. Be3 Be7 17. Nf3 Rad8 18. Be2 f6 19. Nd4 Bc8 20. Nb3 Kc7
21. Nxa5 b6 22. Bf4+ Bd6 23. Bxd6+ Rxd6 24. Rxd6 1/2-1/2

[Event "4NCL Division 3 North"]
[Site "Wakefield, ENG"]
[Date "2018.03.18"]
[Round "8.66"]
[White "Trueman, Glenn"]
[Black "Flynn, David"]
[Result "1/2-1/2"]
[WhiteElo "1930"]
[BlackElo "1859"]
[PlyCount "43"]
[EventDate "2018.03.18"]
[WhiteTeam "Manchester Manticores 2"]
[BlackTeam "Ashfield-Breadsall 1"]

1. c4 c5 2. Nf3 Nc6 3. e3 g6 4. d4 cxd4 5. exd4 Bg7 6. d5 Ne5 7. Nxe5 Bxe5 8.
Nc3 d6 9. Be2 Bg7 10. O-O Nf6 11. Be3 O-O 12. h3 Bd7 13. Qd2 Re8 14. a3 a6 15.
Rac1 Rb8 16. b4 a5 17. c5 axb4 18. axb4 dxc5 19. bxc5 e6 20. dxe6 Bxe6 21. Qxd8
Rexd8 22. Bf4 1/2-1/2

[Event "4NCL Division 3 North"]
[Site "Wakefield, ENG"]
[Date "2018.03.18"]
[Round "8.71"]
[White "Baxter, Harold"]
[Black "Sheppard, Daniel C"]
[Result "0-1"]
[WhiteElo "1865"]
[BlackElo "1915"]
[PlyCount "86"]
[EventDate "2018.03.18"]
[WhiteTeam "Bradford DCA Knights B"]
[BlackTeam "3Cs 3"]

1. Nf3 c5 2. d4 cxd4 3. Nxd4 Nc6 4. Nc3 Nf6 5. g3 e6 6. Bg2 a6 7. O-O Qc7 8.
Nb3 b5 9. a3 Bb7 10. Bf4 d6 11. Qd2 Be7 12. Rfd1 Rd8 13. Nc5 Bc8 14. N5e4 Nxe4
15. Nxe4 e5 16. Be3 d5 17. Nc3 d4 18. Nd5 Qd6 19. Bg5 f6 20. Bh4 g5 21. Bxg5
fxg5 22. Nxe7 Nxe7 23. Qxg5 Ng6 24. e3 Qe7 25. Qh5 O-O 26. Be4 Qf6 27. exd4
Rxd4 28. f3 Rfd8 29. Rxd4 Rxd4 30. c3 Rd2 31. b4 Qb6+ 32. Kh1 Qf2 33. Rg1 Kg7
34. Bxg6 hxg6 35. Qxe5+ Kf7 36. Qc7+ Bd7 37. Qf4+ Ke8 38. Qb8+ Ke7 39. Qe5+ Kd8
40. Qg5+ Kc7 41. Qf4+ Kc8 42. g4 Bc6 43. Qf8+ Rd8 0-1

[Event "4NCL Division 3 North"]
[Site "Wakefield, ENG"]
[Date "2018.03.18"]
[Round "8.72"]
[White "Darwen, David"]
[Black "Slinger, Tony J"]
[Result "1/2-1/2"]
[WhiteElo "1937"]
[BlackElo "1876"]
[PlyCount "25"]
[EventDate "2018.03.18"]
[WhiteTeam "3Cs 3"]
[BlackTeam "Bradford DCA Knights B"]

1. Nf3 Nf6 2. g3 g6 3. Bg2 Bg7 4. O-O d5 5. d3 O-O 6. Nbd2 c6 7. e4 dxe4 8.
dxe4 Na6 9. a3 h6 10. Qe1 Nc5 11. Ne5 Nfd7 12. Nxd7 Qxd7 13. Qe3 1/2-1/2

[Event "4NCL Division 3 North"]
[Site "Wakefield, ENG"]
[Date "2018.03.18"]
[Round "8.73"]
[White "Bramson, Mike"]
[Black "Ye, Kevin"]
[Result "0-1"]
[WhiteElo "1844"]
[BlackElo "1832"]
[PlyCount "102"]
[EventDate "2018.03.18"]
[WhiteTeam "Bradford DCA Knights B"]
[BlackTeam "3Cs 3"]

1. e4 e5 2. Nc3 Nc6 3. Bc4 Bb4 4. Nd5 Nf6 5. Nxb4 Nxb4 6. c3 Nc6 7. Qe2 O-O 8.
Nf3 d5 9. exd5 Nxd5 10. d3 Nf4 11. Bxf4 exf4 12. O-O-O Bg4 13. Qd2 Bxf3 14.
gxf3 Qh4 15. d4 Ne7 16. Rhg1 Ng6 17. Bd3 Qxh2 18. Be4 Qh5 19. Rh1 Qb5 20. Qc2
f5 21. c4 Qd7 22. Bd5+ Kh8 23. Rxh7+ Kxh7 24. Rh1+ Nh4 25. Rxh4+ Kg6 26. Rg4+
Kf6 27. Bxb7 fxg4 28. Qe4 Rae8 29. Qxf4+ Qf5 30. Qxc7 Re1+ 31. Kd2 Rfe8 32. Be4
R8xe4 33. fxe4 Qxf2+ 34. Kc3 Rc1+ 35. Kb3 Qc2+ 36. Ka3 Qd3+ 37. b3 Qxe4 38.
Qd6+ Kf7 39. c5 Rd1 40. Qc7+ Kf6 41. Qd6+ Kg5 42. Qd8+ Kf4 43. Qf8+ Ke3 44.
Qxg7 Qxd4 45. Qg5+ Kd3 46. c6 Qd6+ 47. b4 Qxc6 48. Qxg4 Qa6+ 49. Kb2 Rd2+ 50.
Kc1 Qa3+ 51. Kb1 Qb2# 0-1

[Event "4NCL Division 3 North"]
[Site "Wakefield, ENG"]
[Date "2018.03.18"]
[Round "8.74"]
[White "Harman, George"]
[Black "Johnson, Paul A"]
[Result "0-1"]
[WhiteElo "1750"]
[BlackElo "1830"]
[PlyCount "76"]
[EventDate "2018.03.18"]
[WhiteTeam "3Cs 3"]
[BlackTeam "Bradford DCA Knights B"]

1. e4 e5 2. Bc4 Nf6 3. d3 Nc6 4. Nc3 Bc5 5. Nf3 d6 6. h3 h6 7. Be3 Bb6 8. O-O
O-O 9. Qd2 Kh7 10. Ne2 Be6 11. Bb3 Bxb3 12. axb3 Qd7 13. Ng3 Ne7 14. Nh4 Qe6
15. Nhf5 Nxf5 16. Nxf5 Ng8 17. f4 g6 18. Ng3 f5 19. fxe5 dxe5 20. exf5 gxf5 21.
Bxb6 Qxb6+ 22. Kh2 f4 23. Ne4 Nf6 24. Qe2 Rae8 25. Rfe1 Re7 26. Ra4 Nd5 27. Nc3
Ne3 28. Nd5 Nxd5 29. Qe4+ Qg6 30. Qxd5 Qg3+ 31. Kh1 Qxe1+ 32. Kh2 Qg3+ 33. Kg1
Rg8 34. Kf1 e4 35. dxe4 Qxg2+ 36. Ke1 Qg1+ 37. Kd2 Qe3+ 38. Kd1 Rg1# 0-1

[Event "4NCL Division 3 North"]
[Site "Wakefield, ENG"]
[Date "2018.03.18"]
[Round "8.75"]
[White "Mahoney, Nicholas"]
[Black "Griffiths, Gareth NR"]
[Result "1-0"]
[WhiteElo "1704"]
[BlackElo "1682"]
[PlyCount "91"]
[EventDate "2018.03.18"]
[WhiteTeam "Bradford DCA Knights B"]
[BlackTeam "3Cs 3"]

1. d4 e6 2. Nf3 c5 3. d5 Nf6 4. Nc3 d6 5. e4 Be7 6. Bb5+ Bd7 7. Bd3 Na6 8. O-O
Nc7 9. dxe6 Bxe6 10. e5 Nfd5 11. Ne4 dxe5 12. Nxe5 f6 13. Qh5+ g6 14. Nxg6 Bf7
15. Ng3 Ne6 16. Qh6 Bxg6 17. Bxg6+ Kd7 18. Bf5 Qb6 19. c4 Nb4 20. Rd1+ Kc7 21.
a3 Rad8 22. Bf4+ Nxf4 23. axb4 Ne6 24. Rxd8 Rxd8 25. Qxh7 Qd6 26. Bxe6 Qxe6 27.
bxc5 Rd7 28. Qe4 Qc6 29. Qxc6+ Kxc6 30. b4 b6 31. cxb6 Kxb6 32. b5 Kc5 33. Rc1
Kb6 34. h4 Bc5 35. Ne4 Be7 36. h5 f5 37. Ng3 Bg5 38. Rc2 Rd1+ 39. Kh2 Bf4 40.
Kh3 Rd3 41. Kh4 Bxg3+ 42. fxg3 Rd4+ 43. Kg5 Rg4+ 44. Kxf5 Rxg3 45. h6 Kc5 46.
h7 1-0

[Event "4NCL Division 3 North"]
[Site "Wakefield, ENG"]
[Date "2018.03.18"]
[Round "8.81"]
[White "Ukken, Somton"]
[Black "Lancaric, Tomas"]
[Result "1/2-1/2"]
[WhiteElo "1884"]
[BlackElo "1892"]
[PlyCount "61"]
[EventDate "2018.03.18"]
[WhiteTeam "Ashfield-Breadsall 2"]
[BlackTeam "Castleford Roses"]

1. b3 d5 2. Bb2 Nf6 3. c4 c6 4. Nf3 Bf5 5. g3 e6 6. Bg2 Nbd7 7. O-O Bd6 8. d3
Qc7 9. Nbd2 O-O 10. Re1 e5 11. Rc1 d4 12. Nh4 Bg6 13. a3 Rae8 14. b4 b6 15. Nb3
c5 16. b5 e4 17. Nxg6 fxg6 18. e3 exd3 19. exd4 Rxe1+ 20. Qxe1 Re8 21. Qc3 cxd4
22. Qxd3 Nc5 23. Qd1 Nxb3 24. Qxb3 Bc5 25. Qd3 Qe5 26. Rd1 Rd8 27. a4 Qf5 28.
h3 h5 29. Kf1 Kf8 30. Qxf5 gxf5 31. Rd3 1/2-1/2

[Event "4NCL Division 3 North"]
[Site "Wakefield, ENG"]
[Date "2018.03.18"]
[Round "8.82"]
[White "Clarke, Michael"]
[Black "Graham, Neil"]
[Result "1/2-1/2"]
[WhiteElo "1952"]
[BlackElo "1780"]
[PlyCount "65"]
[EventDate "2018.03.18"]
[WhiteTeam "Castleford Roses"]
[BlackTeam "Ashfield-Breadsall 2"]

1. c4 Nf6 2. g3 c6 3. Bg2 d5 4. Nf3 dxc4 5. Na3 Bf5 6. Nxc4 Nbd7 7. Ne3 Bg6 8.
Nh4 e6 9. O-O Be7 10. d3 Nd5 11. Nf3 Nxe3 12. Bxe3 h6 13. Qb3 Qc8 14. Rac1 O-O
15. a4 Bd6 16. a5 a6 17. Rc2 Bc7 18. Qa3 Qd8 19. b4 Bd6 20. Rb1 Rc8 21. Bc5 Qe7
22. Nd2 Bxc5 23. bxc5 Rc7 24. Ne4 Bxe4 25. Bxe4 Nf6 26. Bf3 e5 27. Qb4 Rd8 28.
Qb6 Nd5 29. Qa7 f5 30. e4 fxe4 31. Bxe4 Nf6 32. Rcb2 Nxe4 33. dxe4 1/2-1/2

[Event "4NCL Division 3 North"]
[Site "Wakefield, ENG"]
[Date "2018.03.18"]
[Round "8.83"]
[White "Taylor, Robert P"]
[Black "Ibraimov, Marat"]
[Result "1-0"]
[WhiteElo "1793"]
[BlackElo "1675"]
[PlyCount "63"]
[EventDate "2018.03.18"]
[WhiteTeam "Ashfield-Breadsall 2"]
[BlackTeam "Castleford Roses"]

1. d4 Nf6 2. Bg5 e6 3. e3 Be7 4. Bd3 d5 5. Nd2 h6 6. Bh4 Nbd7 7. Ngf3 b6 8. c4
Bb7 9. cxd5 Nxd5 10. Bxe7 Qxe7 11. a3 c5 12. dxc5 Nxc5 13. Bb5+ Nd7 14. Ne5
N5f6 15. Ndc4 Bd5 16. Nxd7 Nxd7 17. Ne5 Rd8 18. Qa4 Qd6 19. Nxd7 Rxd7 20. O-O
Ke7 21. e4 Rc7 22. exd5 Rhc8 23. dxe6 fxe6 24. Rad1 Qe5 25. Rfe1 Qxb2 26. Bd7
Rd8 27. Rxe6+ Kf8 28. Qf4+ Kg8 29. Qxc7 Rf8 30. Qg3 Qc2 31. Rde1 Qd2 32. Re7
1-0

[Event "4NCL Division 3 North"]
[Site "Wakefield, ENG"]
[Date "2018.03.18"]
[Round "8.84"]
[White "Lodha, Aditya Dinesh"]
[Black "Hill, Maurice J"]
[Result "0-1"]
[WhiteElo "1600"]
[BlackElo "1785"]
[PlyCount "82"]
[EventDate "2018.03.18"]
[WhiteTeam "Castleford Roses"]
[BlackTeam "Ashfield-Breadsall 2"]

1. d4 Nf6 2. c4 g6 3. Nc3 d5 4. cxd5 Nxd5 5. e4 Nxc3 6. bxc3 Bg7 7. h3 c5 8.
Nf3 O-O 9. Be2 Nc6 10. Be3 cxd4 11. cxd4 Qa5+ 12. Bd2 Qa3 13. Be3 Rd8 14. Qd2
Bd7 15. O-O Rac8 16. Rab1 b6 17. e5 Bf5 18. Rb3 Qa4 19. Rc1 Na5 20. Rbc3 Qd7
21. d5 Rxc3 22. Rxc3 Be4 23. Bh6 Bxd5 24. Qf4 Nb7 25. Bxg7 Kxg7 26. Rc2 Nc5 27.
Rd2 Ne6 28. Qe3 Qc7 29. Rb2 Nc5 30. Rb4 Ne6 31. Rh4 h5 32. Ng5 Qc5 33. Nxe6+
Bxe6 34. Qg5 f6 35. exf6+ exf6 36. Qg3 Kf7 37. Rc4 Bxc4 38. Bf3 Qe5 39. Qh4 Rd4
40. g4 Qf4 41. Bg2 Rd1+ 0-1

[Event "4NCL Division 3 North"]
[Site "Wakefield, ENG"]
[Date "2018.03.18"]
[Round "8.85"]
[White "Lavelle, Terry"]
[Black "Kluckova, Alzbeta"]
[Result "1-0"]
[WhiteElo "1558"]
[BlackElo "1127"]
[PlyCount "63"]
[EventDate "2018.03.18"]
[WhiteTeam "Ashfield-Breadsall 2"]
[BlackTeam "Castleford Roses"]

1. e4 e5 2. Nc3 Nf6 3. Bc4 Bc5 4. d3 O-O 5. Be3 Be7 6. h3 c6 7. d4 b5 8. Bd3
exd4 9. Bxd4 c5 10. Bxf6 Bxf6 11. Bxb5 a6 12. Bc4 Bb7 13. Nge2 Nc6 14. O-O Nd4
15. Ng3 Ne6 16. Rb1 Re8 17. Re1 Ra7 18. Nd5 Be5 19. Nf5 Bxd5 20. Bxd5 Nf4 21.
Qg4 h5 22. Qf3 Nxd5 23. exd5 d6 24. Ne3 g6 25. Nc4 Rae7 26. Nxe5 Rxe5 27. Rxe5
Rxe5 28. a3 Qg5 29. Rd1 Rf5 30. Qd3 Re5 31. Qxa6 Rxd5 32. Qa8+ 1-0

[Event "4NCL Division 3 North"]
[Site "Wakefield, ENG"]
[Date "2018.03.18"]
[Round "8.91"]
[White "Lewis, Christopher D"]
[Black "Newell, David F"]
[Result "1/2-1/2"]
[WhiteElo "1892"]
[BlackElo "1772"]
[PlyCount "35"]
[EventDate "2018.03.18"]
[WhiteTeam "Shropshire 2"]
[BlackTeam "Manchester Manticores 4"]

1. e4 c5 2. Nf3 g6 3. d4 cxd4 4. Nxd4 Nc6 5. Nc3 Bg7 6. Be3 Nf6 7. Bc4 Qa5 8.
Nxc6 bxc6 9. Qd3 O-O 10. Bb3 Ba6 11. Qd2 Rfd8 12. O-O-O Ng4 13. f4 Nxe3 14.
Qxe3 Qb6 15. Qg3 Qc7 16. Kb1 Rab8 17. h4 Bxc3 18. Qxc3 1/2-1/2

[Event "4NCL Division 3 North"]
[Site "Wakefield, ENG"]
[Date "2018.03.18"]
[Round "8.92"]
[White "Livesey, R Nigel"]
[Black "Sheard, Martin"]
[Result "0-1"]
[WhiteElo "1780"]
[BlackElo "1900"]
[PlyCount "78"]
[EventDate "2018.03.18"]
[WhiteTeam "Manchester Manticores 4"]
[BlackTeam "Shropshire 2"]

1. c4 c5 2. g3 Nc6 3. Bg2 g6 4. Nc3 Bg7 5. Nf3 e6 6. O-O Nge7 7. d3 O-O 8. Bf4
d5 9. Qd2 b6 10. cxd5 Nxd5 11. Nxd5 exd5 12. Bh6 Re8 13. Bxg7 Kxg7 14. Rfe1 Bb7
15. d4 c4 16. Rac1 Qd6 17. Ng5 b5 18. Nh3 b4 19. e4 dxe4 20. Bxe4 Nxd4 21. Bxb7
Nf3+ 22. Bxf3 Qxd2 23. Red1 Qxb2 24. Bxa8 Rxa8 25. Rxc4 a5 26. Rc7 h6 27. Nf4
Qxa2 28. h4 Ra6 29. Rd8 Rf6 30. Rcc8 Rxf4 31. Rg8+ Kf6 32. Rc6+ Kf5 33. gxf4
Kg4 34. Re8 Qd5 35. Rc1 Kxf4 36. f3 Kg3 37. Rce1 Qd4+ 38. R8e3 f5 39. Kh1 Qxh4+
0-1

[Event "4NCL Division 3 North"]
[Site "Wakefield, ENG"]
[Date "2018.03.18"]
[Round "8.93"]
[White "Hinchcliffe, Gary"]
[Black "Bridgeman, Matthew"]
[Result "1-0"]
[WhiteElo "1892"]
[BlackElo "1727"]
[PlyCount "63"]
[EventDate "2018.03.18"]
[WhiteTeam "Shropshire 2"]
[BlackTeam "Manchester Manticores 4"]

1. d4 e6 2. Nf3 f5 3. Bf4 Nf6 4. h3 g6 5. e3 Bg7 6. Be2 O-O 7. O-O d6 8. c4 Qe7
9. Nc3 b6 10. b4 Nc6 11. Qb3 a5 12. b5 Nd8 13. Rac1 Nf7 14. c5 dxc5 15. dxc5
bxc5 16. Na4 Ne4 17. Qc2 Bd7 18. Nxc5 Nxc5 19. Qxc5 Qxc5 20. Rxc5 Nd6 21. a4
Rfc8 22. Rfc1 Bb2 23. R1c2 Ba3 24. Rxc7 Rxc7 25. Rxc7 Rd8 26. Ne5 Be8 27. Nc6
Bxc6 28. Rxc6 Nb7 29. Rxe6 Nc5 30. Rd6 Rc8 31. Rd4 Nb3 32. Bc4+ 1-0

[Event "4NCL Division 3 North"]
[Site "Wakefield, ENG"]
[Date "2018.03.18"]
[Round "8.94"]
[White "Bridgeman, Niamh"]
[Black "Ross, Stuart"]
[Result "1/2-1/2"]
[WhiteElo "1697"]
[BlackElo "1675"]
[PlyCount "130"]
[EventDate "2018.03.18"]
[WhiteTeam "Manchester Manticores 4"]
[BlackTeam "Shropshire 2"]

1. f4 d5 2. Nf3 g6 3. e3 Bg7 4. Be2 Nf6 5. O-O O-O 6. Ne5 c5 7. d3 Qc7 8. Nd2
Nbd7 9. Ndf3 Nxe5 10. Nxe5 Nd7 11. d4 f6 12. Nf3 Nb6 13. c3 Bd7 14. Bd2 Nc8 15.
Ne1 Nd6 16. Nd3 b6 17. Nf2 e6 18. Qc2 cxd4 19. exd4 Nf5 20. Bf3 Nxd4 21. Qd3
Nxf3+ 22. Qxf3 Rac8 23. b3 Bc6 24. Qe2 Qd7 25. Rad1 Rfe8 26. Rfe1 Qb7 27. Qg4
f5 28. Qg3 Qc7 29. Nd3 Bb5 30. Ne5 Qe7 31. b4 Rcd8 32. Be3 Bxe5 33. fxe5 Rc8
34. Bg5 Qf7 35. Rd4 Rc4 36. a3 Rec8 37. Re3 Ba4 38. Red3 Bc2 39. Rxc4 Rxc4 40.
Rd4 Be4 41. Rxc4 dxc4 42. Qe3 Qd7 43. Qd4 Qxd4+ 44. cxd4 b5 45. Kf2 Kf7 46. g3
Ke8 47. Ke3 Kd7 48. Kd2 Kc6 49. Kc3 Kd5 50. Bf4 a6 51. Bh6 Bd3 52. Bg5 h5 53.
h4 Ke4 54. Bh6 Kd5 55. Bg5 Be4 56. Bf4 Kc6 57. Bg5 Kd7 58. Bf4 Bb7 59. Bg5 Kc6
60. Bf4 Kd5 61. Bg5 Ke4 62. Bf4 Kf3 63. Kd2 Kf2 64. Kc3 Ke1 65. Be3 Bd5 1/2-1/2

[Event "4NCL Division 3 North"]
[Site "Wakefield, ENG"]
[Date "2018.03.18"]
[Round "8.95"]
[White "Peck, Windsor W A"]
[Black "Pollard, Matthew B"]
[Result "0-1"]
[WhiteElo "1555"]
[BlackElo "1720"]
[PlyCount "68"]
[EventDate "2018.03.18"]
[WhiteTeam "Shropshire 2"]
[BlackTeam "Manchester Manticores 4"]

1. d4 Nf6 2. Nf3 g6 3. Nc3 d5 4. Bf4 a6 5. e3 Bg7 6. Be2 O-O 7. Ne5 Nbd7 8. h4
h5 9. g4 Nxe5 10. Bxe5 Nxg4 11. Bxg7 Kxg7 12. Bxg4 Bxg4 13. f3 Bf5 14. Qd2 Qd6
15. O-O-O b5 16. e4 dxe4 17. fxe4 Bg4 18. e5 Qd7 19. Rdf1 Rad8 20. d5 b4 21.
Qd4 c5 22. e6+ cxd4 23. exd7 dxc3 24. Rf4 a5 25. Rc4 Rxd7 26. bxc3 bxc3 27.
Rxc3 Rxd5 28. Rc7 e5 29. Re1 Bf5 30. c4 Rd4 31. Rxe5 Rxh4 32. c5 Rh2 33. c6 Rd8
34. Ra7 Rc2+ 0-1